000 00471nam a2200181Ia 4500
008 151202s9999||||xx |||||||||||||| ||und||
082 _bPNVM-23664
100 _aलाटे.
245 _aकठपुतळीचा खेळ.
260 _b---
260 _c0
300 _a0
600 _aलाटे.
630 _aकठपुतळीचा खेळ.
700 _aलाटे.
730 _aकठपुतळीचा खेळ.
942 _cBOOK
999 _c1289639
_d1289636